| 000 | 00378nam a2200133Ia 4500 | ||
|---|---|---|---|
| 008 | 231129s2000||||xx |||||||||||||| ||spa|| | ||
| 020 | _a958-96829-3-6 | ||
| 040 | _bspa | ||
| 082 | _a306.09861 / A636 | ||
| 245 | 0 | _aAntropologias transeuntes | |
| 260 | _c2000 | ||
| 264 | _aInstituto Colombiano de Antropologia e Historia | ||
| 942 |
_2ddc _cBKS |
||
| 999 |
_c5365 _d5365 |
||